00918cam a22003254i 4500003000900000005001700009008004100026035001900067040003300086082001900119100003500138245002100173264003600194300002800230336002100258337002500279338002300304505016900327526001000496526001000506526001000516526001000526526000800536526000800544526000800552526000800560526000800568526000800576526000800584PE-LiUPU20250731173213.0150625s r 000 0 d a(Sirsi) a32567 aPE-LiUPUbspacPE-LiUPUerda04a223.2bM332211 aMazariegos, Emilio L.,eautor.10aSalmos del Alba. 1aSalamanca :bGraficas Ortega,c a148 páginas ;c21 cm. atext2rdacontent aunmediated2rdamedia avolume2rdacarrier0 aTenaz como si viera al invisible. -En busqueda de Dios. -Encuentro con Jesus, el Señor. -Seguidores de Jesus en el Espiritu. -Testigo del reino entre los hombres. aSEG42 aSEG41 aSEG40 aSEG39 aP94 aP87 aP86 aP85 aP77 aP76 aP35